Mamita Yunai

Gespeichert in:
Bibliographische Detailangaben
1. Verfasser: Fallas, Carlos Luis
Format: Buch
Sprache:Undetermined
Veröffentlicht: San José, Costa Rica Editorial Costa Rica 2004
Ausgabe:2
Schlagworte:
Tags: Tag hinzufügen
Keine Tags, Fügen Sie den ersten Tag hinzu!

MARC

LEADER 00000nam a2200000Ia 4500
008 170316s9999 xx 000 0 und d
040 |a cru BVZT 
090 |a 868 F-2ma 
100 |a Fallas, Carlos Luis 
245 |a Mamita Yunai 
250 |a 2 
260 |a San José, Costa Rica 
260 |b Editorial Costa Rica 
260 |c 2004 
300 |a 2515 páginas 
650 |a LITERATURA COSTARRICENSE 
650 |a NOVELA 
942 0 0 |0 1 
999 |c 11031  |d 11031